000 00528nam a22001937a 4500
005 20260602100936.0
010 _aENG-148668
020 _a9789347590313
_c225.00
035 _aEN-132200
037 _bDBAD
082 _aS
_21
100 _aStevenson, Robert Louis
245 _aTresure Island/
_cRobert Louis Stevenson
250 _a1
260 _aChandigarh
_bThe Browser
_c2026
270 _bChandigarh
_aSCO 14-15, Sector 8-C
_e160009
_mservice@thebrowser.org
300 _a208p.
_c20cm(pb)
942 _2ddc
_cEN
_hS
_mSTE
999 _c216419
_d216419